| 000 | 00577nam a2200193Ia 4500 | ||
|---|---|---|---|
| 005 | 20260120132118.0 | ||
| 008 | 008 260114s9999 xx 000 0 eng d | ||
| 020 | _a9781383042290 | ||
| 037 | _aEBOOK | ||
| 040 |
_aCRL _beng _cCRL |
||
| 041 |
_aeng _2eng |
||
| 084 | _qCRL | ||
| 100 |
_aChong _9935077 |
||
| 245 | 4 | _aThe Law and Practice of Mergers and Acquisitions in the Peoples Republic of China | |
| 260 |
_bOxford University PressOxford University Press _c2023 |
||
| 856 | _uhttps://academic.oup.com/book/52475 | ||
| 942 | _cEBOOK | ||
| 999 |
_c1527000 _d1527000 |
||